| 000 | 00768nam a2200253 i 4500 | ||
|---|---|---|---|
| 001 | 102460 | ||
| 003 | ES-MaACL | ||
| 005 | 20250820135636.0 | ||
| 007 | t| | ||
| 008 | 051111s1956 sp ||||1| spa d | ||
| 080 | _a821.133.1-32"18" | ||
| 100 | 1 |
_aMérimée, Prosper ( _d1803-1870) _980507 |
|
| 245 | 1 | 0 |
_aColomba ; La venus de Ille ; El jarrón etrusco ; Tamango / _cPróspero Mérimée ; traducción y prólogo de José Mª Espinas. |
| 246 | 3 | _aTamango | |
| 260 |
_aBarcelona : _bFama, _c1956. |
||
| 300 |
_a268 p. ; _c19 cm. |
||
| 490 | 1 | _aJunco | |
| 700 | 1 |
_aEspinàs, Josep M., _d1927- _947850 |
|
| 740 | 3 | 2 | _aLa venus de Ille. |
| 740 | 3 | 2 | _aEl jarrón etrusco. |
| 830 | 1 |
_aJunco _9184641 |
|
| 852 | 4 |
_aES-MaACL _jC-11463 |
|
| 999 |
_c102460 _d102460 |
||